000 00565nam a22001817a 4500
005 20251108173247.0
008 250721s2005 xx 000 0 ara d
082 1 4 _a372.4/عدس
100 1 _aعدس، محمد عبد الرحيم
245 1 0 _aدور المطالعة في تنمية التفكير /
264 1 _aعمان :
_bدار الفكر ناشرون وموزعون،
_c2005.
300 _a210ص
650 1 7 _aالقراءة
650 1 7 _aعادة المطالعة
650 1 7 _aالتوجيه القرائي
942 _2ddc
_cBK
999 _c99779
_d99779